00851cam a22002051 4500001001300000003000400013005001700017008004100034010001700075035002000092040001800112042001200130050001600142110003800158245034200196260002800538300003000566650003200596999001700628sa 64007496 DLC20260227112047.0890529q io b 000 0 ind  asa 64007496  a(OCoLC)23566256 aDLCcMiUdDLC apremarc00aQB223b.I551 aIndonesia.bDepartemen Penerangan10aPembagian wilajah Republik Indonesia mendjadi 3 wilajah-waktu dengan 3 waktu tolok.bKeputusan Presiden R. I. no. 243 tahun 1963 beserta lampiran-lampiran, pidato-radio Menteri Perhubungan Udara pada tanggal 19 Desember 1963 dan pendjelasan Departemen Penerangan berdasarkan laporan Panitia Penentuan Waktu, Departemen Perhubungan Udara. a[Djakarta,ccover 1963] a12 p.bfold. map.c21 cm. 0aTimexSystems and standards c60293d60293